Chemical reaction engineering (Record no. 18666)

000 -LEADER
fixed length control field 00567nam a22001931 4500
001 - CONTROL NUMBER
control field 18666
003 - CONTROL NUMBER IDENTIFIER
control field BD-DhUET
008 - FIXED-LENGTH DATA ELEMENTS--GENERAL INFORMATION
fixed length control field 840403s1962 nyua b 000 0 eng c
040 ## - CATALOGING SOURCE
Original cataloging agency DLC/ICU
Transcribing agency DLC
Modifying agency BD-DhUET
082 0# - DEWEY DECIMAL CLASSIFICATION NUMBER
Classification number 660.299
Item number LEV/1964
100 ## - MAIN ENTRY--PERSONAL NAME
Personal name Levenspiel, Octave
245 10 - TITLE STATEMENT
Title Chemical reaction engineering
Remainder of title an introduction to the design of chemical reactors
250 ## - EDITION STATEMENT
Edition statement 1st ed.
260 ## - PUBLICATION, DISTRIBUTION, ETC. (IMPRINT)
Place of publication, distribution, etc. New York
Name of publisher, distributor, etc. John Wiley & Sons
Date of publication, distribution, etc. 1962
300 ## - PHYSICAL DESCRIPTION
Extent xv, 501 p.
Other physical details illus.
Dimensions 24 cm.
504 ## - BIBLIOGRAPHY, ETC. NOTE
Bibliography, etc Includes bibliographies
650 #0 - SUBJECT ADDED ENTRY--TOPICAL TERM
Topical term or geographic name as entry element Chemical engineering
942 ## - ADDED ENTRY ELEMENTS (KOHA)
Koha item type General Book
Holdings
Sublocation or collection (holding branch) Koha item type Shelving location Koha date last borrowed Copy number Koha issues (times borrowed) Price effective from Koha normalized classification for sorting Koha full call number Not for loan Piece designation (barcode) Date acquired Withdrawn status Location (home branch) Lost status Koha date last seen Damaged status Source of classification or shelving scheme
Central Library, BUETGeneral BookCirculation section 1 2015-03-31660_299000000000000_LEV_1967660.299/LEV/1967 175012015-03-31 Central Library, BUET 2015-03-31  
Central Library, BUETGeneral BookCirculation section 2 2015-03-31660_299000000000000_LEV_1967660.299/LEV/1967 178212015-03-31 Central Library, BUET 2015-03-31  
Central Library, BUETGeneral BookCirculation section 3 2015-03-31660_299000000000000_LEV_1967660.299/LEV/1967 178222015-03-31 Central Library, BUET 2015-03-31  
Central Library, BUETGeneral BookCirculation section 4 2015-03-31660_299000000000000_LEV_1967660.299/LEV/1967 44022015-03-31 Central Library, BUET 2015-03-31  
Central Library, BUETGeneral BookCirculation section 5 2015-03-31660_299000000000000_LEV_1967660.299/LEV/1967 209322015-03-31 Central Library, BUET 2015-03-31  
Central Library, BUETGeneral BookCirculation section2023-12-05612015-04-01660_299000000000000_LEV_1964660.299/LEV/1964 175022015-04-01 Central Library, BUET 2023-12-18  
Central Library, BUETGeneral BookCirculation section2019-05-05712015-04-01660_299000000000000_LEV_1964660.299/LEV/1964 125422015-04-01 Central Library, BUET 2020-01-25  
Central Library, BUETReading ItemReading section 8 2015-06-18660_299000000000000_LEV_1964660.299/LEV/1964 363002015-06-18 Central Library, BUET 2015-06-18